Instrumental'nyj kompleks razrabotki OASU

Saved in:
Bibliographic Details
Main Author: Ancyz, Sergej Matvejevič
Other Authors: Pefelov, Vitalij Fedorovič, Djatlova, Ljudmila Grigor'jevna
Format: Book
Language:Russian
Published: Novosibirsk Nauka 1984
Tags: Add Tag
No Tags, Be the first to tag this record!

MARC

LEADER 00000nam a2200000 4500
001 c106619
005 20041019155137.8
041 0 |a rus 
044 |a RU 
245 1 0 |a Instrumental'nyj kompleks razrabotki OASU  |c Sergej Matvejevič Ancyz, Vitalij Fedorovič Pefelov 
264 1 |a Novosibirsk  |b Nauka  |c 1984 
300 |a 219 s. 
100 1 |a Ancyz, Sergej Matvejevič 
700 1 |a Pefelov, Vitalij Fedorovič 
700 1 |a Djatlova, Ljudmila Grigor'jevna